| 000 | 00328nam a22001097a 4500 | ||
|---|---|---|---|
| 020 | _a0860685403 | ||
| 082 | _a305.9 | ||
| 245 |
_aWomen and Craft / _cEdited by Gillian Elinor, Su Richardson, Sue Scott, Angharad Thomas and Kate Walker |
||
| 260 |
_aLondon : _bVirago Press, _c1987. |
||
| 300 |
_a191p. ; _c23 cm. |
||
| 942 |
_2ddc _cBK |
||
| 999 |
_c588607 _d588607 |
||